Produkt cestovného ruchu. Analýza produktu cestovného ruchu vo vybranej destinácii cestovného ruchu bakalárska práca

Enregistré dans:
Détails bibliographiques
Auteur principal: Ferencziová, Réka
Collectivité auteur: Obchodná fakulta EU. Katedra služieb a cestovného ruchu - zrušené
Autres auteurs: Veszprémi Sirotková, Anna, 1966-
Format: Livre
Langue:slovaque
Publié: Bratislava 2014
Tags: Ajouter un tag
Pas de tags, Soyez le premier à ajouter un tag!

MARC

LEADER 00000nbm a2200000 4500
001 0188198
005 20170201100454.8
041 0 |a slo 
044 |a SK 
245 1 0 |a Produkt cestovného ruchu. Analýza produktu cestovného ruchu vo vybranej destinácii cestovného ruchu  |b bakalárska práca  |c Réka Ferencziová ; školiteľ: Anna Veszprémi Sirotková 
264 1 |a Bratislava  |c 2014 
300 |a 58 s. 
100 1 |a Ferencziová, Réka 
700 1 |a Veszprémi Sirotková, Anna, 1966- 
710 2 |a Obchodná fakulta EU. Katedra služieb a cestovného ruchu - zrušené